Update: agriculture (Record no. 78490)

MARC details
000 -LEADER
fixed length control field 01052cam a2200229 4500
001 - CONTROL NUMBER
control field L136926
008 - FIXED-LENGTH DATA ELEMENTS--GENERAL INFORMATION
fixed length control field 070305s2007 xxk f 000 0 eng d
035 ## - SYSTEM CONTROL NUMBER
System control number (Sirsi) u136926
041 0# - LANGUAGE CODE
Language code of text/sound track or separate title eng
100 1# - MAIN ENTRY--PERSONAL NAME
Personal name Barr, William
245 00 - TITLE STATEMENT
Title Update: agriculture
260 ## - PUBLICATION, DISTRIBUTION, ETC.
Date of publication, distribution, etc. 2007
490 00 - SERIES STATEMENT
Series statement Solicitors' Journal
Volume/sequential designation 151(6) 09 February 2007, 191-192(2)
520 ## - SUMMARY, ETC.
Summary, etc. Looks at inheritance tax and agricultural property relief after two significant cases, Antrobus 2 (Lloyds TSB Private Banking (Personal Representative of Rosemary Antrobus Dec'd) v CIR DET/47/2004) (L131626) and Arnander Lloyd and Villiers (Executors of David and Lady Cecilia McKenna) v Commissioners for HMRC [2006] SPC 565 (L136910 see also: L139900).
590 ## - LOCAL NOTE (RLIN)
Local note KA
650 24 - SUBJECT ADDED ENTRY--TOPICAL TERM
Topical term or geographic name entry element McKennas' Executors v HM Renvenue and Customs Commissioners
650 24 - SUBJECT ADDED ENTRY--TOPICAL TERM
Topical term or geographic name entry element MCKENNA
650 24 - SUBJECT ADDED ENTRY--TOPICAL TERM
Topical term or geographic name entry element ANTROBUS'S PERSONAL REPRESENTATIVE V TWIDDY (INLAND REVENUE CAPITAL TAXES)
651 #4 - SUBJECT ADDED ENTRY--GEOGRAPHIC NAME
Geographic name England
Chronological subdivision 886-
690 ## - LOCAL SUBJECT ADDED ENTRY--TOPICAL TERM (OCLC, RLIN)
Topical term or geographic name as entry element PROPERTY-RURAL AND NATURAL ASSETS-RURAL AND NATURAL ASSET TAXATION
942 ## - ADDED ENTRY ELEMENTS (KOHA)
Suppress in OPAC 0
Holdings
Withdrawn status Lost status Source of classification or shelving scheme Damaged status Not for loan Home library Current library Shelving location Date acquired Total Checkouts Full call number Barcode Date last seen Copy number Price effective from Koha item type
    Dewey Decimal Classification     London London Journal article 05/03/2007   L136926 136926-2001 06/08/2019 1 06/08/2019 Journal article
    Dewey Decimal Classification     London London Journal article 18/05/2011   L136926 136926-2002 06/08/2019 2 06/08/2019 Journal article